Tratamiento preconcursal de la insolvencia, hoy (Registro nro. 21321)
[ vista simple ]
| 000 -LEADER | |
|---|---|
| fixed length control field | 00343 a2200109 4500 |
| 001 - CONTROL NUMBER | |
| control field | ART_50174 |
| 005 - DATE AND TIME OF LATEST TRANSACTION | |
| control field | 20260410161809.0 |
| 008 - FIXED-LENGTH DATA ELEMENTS--GENERAL INFORMATION | |
| fixed length control field | 260409a |
| 100 1# - MAIN ENTRY--PERSONAL NAME | |
| Personal name | Truffat, Edgardo Daniel |
| 245 10 - TITLE STATEMENT | |
| Title | Tratamiento preconcursal de la insolvencia, hoy |
| 773 0# - HOST ITEM ENTRY | |
| Title | Doctrina Societaria y Concursal |
| Related parts | - N° 384 (nov. 2019) |
| Record control number | REV4298 |
No hay ítems disponibles.